00389pab a2200133 454500008004000000100002400040245009100064260000900155300001500164362000800179650001800187700002100205773002900226180718b2015 xxu||||| |||| 00| 0 eng d aAbrassart, Aurelien aAvailability, cost or culture? obstacles to childcare services for low-income families c2015 ap.787-806. aOct aChild welfare aBonoli, Giuliano aJournal of Social Policy